Harry Potter y la piedra filosofal
Uloženo v:
| Hlavní autor: | |
|---|---|
| Médium: | Kniha |
| Jazyk: | španělština |
| Vydáno: |
Barcelona
Salamandra
2002
|
| Vydání: | 32a. ed |
| Edice: | Harry Potter, 1
|
| Témata: | |
| Tagy: |
Přidat tag
Žádné tagy, Buďte první, kdo vytvoří štítek k tomuto záznamu!
|
MARC
| LEADER | 00000nam a2200000 a 4500 | ||
|---|---|---|---|
| 001 | UCM9239 | ||
| 003 | CL-VaPUC | ||
| 008 | 030417e20020100SP |||||||||||||||||spa|d | ||
| 082 | 0 | 4 | |a 823 |b ROW |2 21 |
| 100 | 0 | |a Rowling, Joanne K |e author |9 475651 | |
| 245 | 1 | 0 | |a Harry Potter y la piedra filosofal |
| 250 | |a 32a. ed | ||
| 300 | |a 254 p | ||
| 942 | |c BK | ||
| 945 | |d 20030417 00:00:00 |a vberengu | ||
| 260 | |a Barcelona |b Salamandra |c 2002 | ||
| 650 | 0 | |a Novelas inglesas |9 265220 | |
| 650 | 0 | |a Literatura juvenil |9 309909 | |
| 583 | |a last modification |c 20030417 00:00:00 |k Rodrigo Vera | ||
| 490 | 0 | |a Harry Potter, 1 | |
| 999 | |c 303565 |d 303563 | ||
| 952 | |0 0 |1 0 |4 0 |6 823_000000000000000_ROW_2002 |7 0 |8 A |9 364961 |a BIBGIM |b BIBGIM |d 2019-11-21 |i 3897850 |l 10 |m 3 |o 823 ROW 2002 |p 3897850 |r 2025-03-31 |s 2025-03-11 |w 2019-11-21 |y BK |k EST | ||